000 00656nam a2200217Ia 4500
005 20250508164433.0
008 008 250505s9999 xx 000 0 eng d
020 _a0-7619-9707-5
037 _aReference
040 _aFEDL
_beng
_cFEDL
041 _aeng
_2eng
084 _a372.954, VIM
_qFEDL
100 _aVimla Ramachandran Ed.
_9778160
245 0 _aGetting children back to school: Case studies in primary education
260 _aNew Delhi, India
_bSage Publications
_c2003
300 _axv,423p.
365 _aINR
_b495
650 _aElementary education - India
942 _cREF
_h372.954, VIM
999 _c1389135
_d1389135